| 000 | 01658nam a22002057a 4500 | ||
|---|---|---|---|
| 999 |
_c60171 _d60171 |
||
| 003 | Ge_BSU | ||
| 005 | 20230614172515.0 | ||
| 008 | 230614s1986 ge ||||| |||| 00| 0 geo d | ||
| 041 | _ageo | ||
| 080 | _a902.2(479.222.11) ვ-18 | ||
| 245 |
_aვანი : არქეოლოგიური გათხრები : _b[სტატიების კრებული]. [ტ.] 8 / _c[წინასიტყვ. ავტ. ო. ლორთქიფანიძე]; რედ. ო. ლორთქიფანიძე ; საქ. სსრ მეცნ. აკად., ივ. ჯავახიშვილის სახ. ისტორიის, არქეოლოგიისა და ეთნოგრაფიის ინ-ტი. |
||
| 264 |
_aთბილისი, _c1986. |
||
| 300 |
_a127 გვ.: _bილ. ; _c29 სმ. |
||
| 500 | _aპარალ სათ. რუს და ფრა. ენაზე | ||
| 504 | _aბიბლიოგრაფია ტექსტის შენიშვნებში. | ||
| 653 | _aარქეოლოგიური გათხრები საქართველოში | ||
| 700 |
_aლორთქიფანიძე, თ. _eრედაქტორი, წინასიტყვაობის ავტორი. _918351 |
||
| 710 |
_aსაქართველოს სსრ მეცნიერებათა აკადემია. _bივ. ჯავახიშვილის სახ. ისტორიის, არქეოლოგიისა და ეთნოგრაფიის ინსტიტუტი. _918718 |
||
| 942 |
_2udc _cBK |
||